000 00495nam a2200205Ia 4500
003 0100
008 130303s9999 xx 000 0 und d
040 _cARRUPELIB
050 _aB1875.C27
245 _aSeventeenth-century rationalism
245 _bBacon and Descartes
260 _aLondon
260 _bBlaisdell Publishing company.
260 _C1969
300 _a218p.
300 _b 22cm
650 _aPHILOSOPHY
700 _aCantor, Norman F. and Klein, Peter
942 0 0 _09
999 _c34339
_d34339